[Event "AUTO-ADV-2919"]
[Site "http://www.queenalice.com/game.php?id=1247377"]
[Date "2014.1.12"]
[Round "2"]
[White "vitski"]
[Black "Fquita"]
[Result "0-1"]
[WhiteElo "2090"]
[BlackElo "2262"]

1. e4 e5 2. Nf3 Nc6 3. Bc4 Bc5 4. c3 Nf6 5. Qe2 O-O 6. O-O d5 7. exd5 Nxd5 8.
Nxe5 Nf4 9. Qe4 Nxe5 10. Qxf4 Bd6 11. Qd4 Nxc4 12. Qxc4 Be6 13. Qe4 Re8 14. Qxb7
Bd5 15. Qa6 Bxh2+ 16. Kxh2 Qh4+ 17. Kg1 Bxg2 18. Kxg2 Qg4+ 19. Kh2 Re5 0-1

[Event "AUTO-ADV-2919"]
[Site "http://www.queenalice.com/game.php?id=1247380"]
[Date "2014.1.12"]
[Round "2"]
[White "Dalri_Ultreya"]
[Black "vitski"]
[Result "0-1"]
[WhiteElo "1716"]
[BlackElo "2074"]

1. d4 c6 2. Bf4 d5 3. e3 Bf5 4. Nf3 Bg4 5. Be2 Bxf3 6. Bxf3 Qb6 7. b3 e6 8. O-O
c5 9. c4 cxd4 10. cxd5 exd5 11. exd4 Nf6 12. Nc3 Qd8 13. Bg5 Be7 14. Re1 O-O 15.
Re5 Nbd7 16. Rf5 g6 17. Rf4 Bd6 18. Rh4 Qa5 19. Bd2 Qa6 20. Nxd5 Nxd5 21. Bxd5
Nf6 22. Bc4 b5 23. Be2 Qb6 24. Be3 Nd5 25. Bh6 Rfe8 26. Bf3 Nc3 27. Qd2 Rac8 28.
Be3 Be7 29. d5 Qb8 30. Rd4 Red8 31. Bf4 Bd6 32. Bg5 Re8 33. Bf6 b4 34. Qh6 Bf8
35. Qh4 a5 36. Kh1 Qb6 37. h3 Bg7 38. Bxg7 Kxg7 39. d6 Rcd8 40. d7 Re6 41. Bg4
Rf6 42. Bf3 Qc7 43. Bg4 Qe5 44. Bf3 h6 45. Rc1 g5 46. Qg4 h5 47. Qg3 Qxd4 48.
Qxg5+ Kf8 49. Qxh5 Rxd7 50. Qh8+ Ke7 51. Re1+ Re6 52. Rxe6+ fxe6 53. Qh7+ Kd6
54. Qc2 e5 55. Bg4 Rg7 56. f3 Qd1+ 57. Qxd1+ Nxd1 58. h4 Nf2+ 59. Kh2 Nxg4+ 60.
fxg4 Rxg4 61. Kh3 Rg8 62. h5 Ke6 63. g4 Kf6 64. Kh4 e4 65. Kg3 Kg5 0-1

[Event "AUTO-ADV-2919"]
[Site "http://www.queenalice.com/game.php?id=1247381"]
[Date "2014.1.12"]
[Round "2"]
[White "vitski"]
[Black "Dalri_Ultreya"]
[Result "1-0"]
[WhiteElo "2049"]
[BlackElo "1703"]

1. e4 e5 2. Nf3 Nc6 3. Bc4 Nh6 4. d4 exd4 5. Nxd4 Qf6 6. Nxc6 bxc6 7. O-O Bd6 8.
f4 Qh4 9. h3 O-O 10. Qf3 Bc5+ 11. Kh1 Bb7 12. Nc3 Rad8 13. Be3 Bb6 14. Bd2 d5
15. exd5 cxd5 16. Bb3 c6 17. Be1 Qf6 18. Na4 Bc7 19. Nc5 Ba8 20. c3 Nf5 21. Bf2
h6 22. Qg4 Bd6 23. Rae1 Rde8 24. Nd7 Qg6 25. Qxg6 fxg6 26. Nxf8 Rxf8 27. g3 g5
28. fxg5 hxg5 29. Kg2 g6 30. Re2 a6 31. Rfe1 Kf7 32. Re6 Bc5 33. Bxc5 Re8 34.
Rxe8 1-0

[Event "AUTO-ADV-2919"]
[Site "http://www.queenalice.com/game.php?id=1247384"]
[Date "2014.1.12"]
[Round "2"]
[White "vitski"]
[Black "kakocarvalho"]
[Result "1-0"]
[WhiteElo "2003"]
[BlackElo "1757"]

1. e4 d6 2. Nf3 Nf6 3. Bd3 g6 4. O-O Bg7 5. Qe2 O-O 6. c3 e5 7. h3 Nc6 8. Rd1
Nh5 9. Bc2 Nf4 10. Qf1 Kh8 11. d4 Nh5 12. dxe5 Nxe5 13. Nxe5 Bxe5 14. f4 Bg7 15.
Na3 Re8 16. Qf3 b6 17. f5 Be5 18. Nc4 Nf6 19. Nxe5 Rxe5 20. Bf4 Re8 21. fxg6
fxg6 22. e5 Be6 23. exf6 Qxf6 24. Qg3 Bf5 25. Bg5 Qe5 26. Qxe5+ Rxe5 27. Bf6+
Kg8 28. Bb3+ 1-0

[Event "AUTO-ADV-2919"]
[Site "http://www.queenalice.com/game.php?id=1247385"]
[Date "2014.1.12"]
[Round "2"]
[White "kakocarvalho"]
[Black "vitski"]
[Result "0-1"]
[WhiteElo "1820"]
[BlackElo "2008"]

1. Nf3 c6 2. g3 d5 3. Bg2 Bf5 4. O-O h6 5. d3 Qb6 6. b3 e6 7. Bb2 Ne7 8. Nbd2 c5
9. e4 dxe4 10. Nc4 Qd8 11. dxe4 Qxd1 12. Raxd1 Bh7 13. Nd6+ Kd7 14. Nxf7+ Ke8
15. Nxh8 Nec6 16. Ne5 Nxe5 17. Bxe5 Nc6 18. Bb2 e5 19. Rd3 Nd4 20. Bxd4 cxd4 21.
Bh3 g6 22. Rf3 h5 23. Nf7 b6 24. Nxe5 Bc5 25. Rd1 a5 26. Rf7 Bg8 27. Rb7 g5 28.
Bf5 a4 29. Nd3 axb3 30. axb3 Ra2 31. Nxc5 bxc5 32. c3 dxc3 33. Rdd7 Ra8 34. Rdc7
c2 35. Rxc5 Ra1+ 36. Kg2 c1=Q 37. Rc8+ Qxc8 38. Bxc8 Rb1 39. b4 g4 40. Bf5 Bf7
41. b5 Bc4 42. b6 Bf1+ 43. Kg1 Bh3# 0-1

[Event "AUTO-ADV-2926"]
[Site "http://www.queenalice.com/game.php?id=1259917"]
[Date "2014.2.25"]
[Round "2"]
[White "oniwa"]
[Black "vitski"]
[Result "0-1"]
[WhiteElo "1947"]
[BlackElo "2108"]

1. e4 c6 2. d4 d5 3. Nc3 dxe4 4. Nxe4 Bf5 5. Ng3 Bg6 6. h4 h6 7. Nf3 e6 8. Be2
Bd6 9. h5 Bh7 10. Be3 Nf6 11. Bd3 Bxd3 12. Qxd3 Nd5 13. Ne4 Bf4 14. Nc5 Qc7 0-1

[Event "AUTO-ADV-2926"]
[Site "http://www.queenalice.com/game.php?id=1259918"]
[Date "2014.2.25"]
[Round "2"]
[White "vitski"]
[Black "oniwa"]
[Result "1-0"]
[WhiteElo "2060"]
[BlackElo "1983"]

1. e4 e5 2. Nf3 Nc6 3. Bc4 Bc5 4. c3 Nf6 5. Qe2 O-O 6. h3 a6 7. O-O b5 8. Bb3 d6
9. Rd1 Bb7 10. Bc2 Ne7 11. d4 exd4 12. cxd4 Bb6 13. Bg5 Ng6 14. e5 1-0

[Event "AUTO-ADV-2936"]
[Site "http://www.queenalice.com/game.php?id=1265215"]
[Date "2014.3.15"]
[Round "2"]
[White "vitski"]
[Black "acm_chessmaster"]
[Result "0-1"]
[WhiteElo "2076"]
[BlackElo "1840"]

1. e4 e5 2. Nf3 Nc6 3. Bc4 d6 4. h3 f5 5. exf5 Bxf5 6. Bb5 a6 7. Bxc6+ bxc6 8.
d3 Be7 9. Nc3 Nf6 10. Qe2 O-O 11. O-O Nd5 12. Nd1 Bh4 13. c4 Nb6 14. b3 Be6 15.
Be3 c5 16. Nc3 c6 17. Ne4 Qe7 18. Bg5 Bxg5 19. Nfxg5 d5 20. Nxe6 Qxe6 21. Nxc5
Qe7 22. d4 e4 23. Rae1 Rf5 24. Qg4 Raf8 25. f3 e3 26. Nxa6 Rg5 27. Qh4 Rxg2+ 0-1

[Event "AUTO-ADV-2936"]
[Site "http://www.queenalice.com/game.php?id=1265216"]
[Date "2014.3.15"]
[Round "2"]
[White "acm_chessmaster"]
[Black "vitski"]
[Result "0-1"]
[WhiteElo "1865"]
[BlackElo "2051"]

1. e4 c6 2. d4 d5 3. e5 Bf5 4. Bd3 Bxd3 5. Qxd3 e6 6. Nf3 Qb6 7. b3 c5 8. O-O
Nc6 9. dxc5 Bxc5 10. a3 a5 11. Bb2 Nge7 12. Ng5 Ng6 13. Qf3 O-O 14. Qh3 h6 15.
Nf3 Nf4 16. Qg4 Ng6 17. Nh4 Nxh4 18. Qxh4 Bd4 19. Bxd4 Nxd4 20. Nd2 Nxc2 21. Ra2
Nd4 22. Rb2 Rac8 23. Qg4 Nc6 24. Rc1 Nxe5 25. Qd1 Rxc1 26. Qxc1 Nd3 27. Qc3
Qxf2+ 28. Kh1 Qe1+ 29. Nf1 Qxf1# 0-1

[Event "AUTO-ADV-2936"]
[Site "http://www.queenalice.com/game.php?id=1265217"]
[Date "2014.3.15"]
[Round "2"]
[White "vitski"]
[Black "Andrez"]
[Result "1-0"]
[WhiteElo "2096"]
[BlackElo "2073"]

1. e4 e5 2. Nf3 Nc6 3. Bc4 d6 4. h3 Be7 5. c3 Nf6 6. Qe2 O-O 7. O-O Be6 8. Bb5
h6 9. Rd1 a6 10. Ba4 b5 11. Bc2 Qd7 12. Kh2 Nh7 13. d4 exd4 14. cxd4 d5 15. Nc3
Nb4 16. Bb1 Rae8 17. a3 Nc6 18. e5 f6 19. Bf4 fxe5 20. Bxe5 Nxe5 21. dxe5 Ng5
22. Nxg5 Bxg5 23. Qd3 c6 24. Qh7+ Kf7 25. Bg6+ Ke7 26. Bxe8 Kxe8 27. Qd3 Rxf2
28. Rf1 Bf4+ 29. Kg1 Bf5 30. Qd1 Rxf1+ 31. Kxf1 Bxe5 32. Qe2 Qd6 33. Re1 Bd3 34.
Qxd3 Qf6+ 35. Qf3 Kd7 36. Qxf6 Bxf6 37. Nd1 a5 38. Ke2 Kd6 39. b4 a4 40. Kd3 c5
41. bxc5+ Kxc5 42. Ne3 b4 43. axb4+ Kxb4 44. Nxd5+ Kb3 45. Nxf6 gxf6 46. Ke4 a3
47. Kf5 a2 48. Kxf6 Kb2 49. Kg6 a1=Q 50. Rxa1 1-0

[Event "AUTO-ADV-2936"]
[Site "http://www.queenalice.com/game.php?id=1265218"]
[Date "2014.3.15"]
[Round "2"]
[White "Andrez"]
[Black "vitski"]
[Result "1/2-1/2"]
[WhiteElo "2089"]
[BlackElo "2131"]

1. g4 e5 2. d3 Bc5 3. Bg2 d6 4. g5 Ne7 5. h4 Bf5 6. Nc3 c6 7. e4 Be6 8. a3 b5 9.
f4 exf4 10. Bxf4 d5 11. Nf3 Qb6 12. Qe2 b4 13. axb4 Bxb4 14. Be3 c5 15. d4 O-O
16. dxc5 Qc7 17. O-O Bxc5 18. Nd4 Qg3 19. Qf2 Qxf2+ 20. Rxf2 Nd7 21. exd5 Bg4
22. d6 Bxd6 23. Bxa8 Rxa8 24. Ndb5 Be5 25. Bxa7 Nc8 26. Rd2 Ncb6 27. Kg2 Nc4 28.
Rd3 Nxb2 29. Re3 Nc4 30. Rd3 h5 31. gxh6 gxh6 32. Re1 f6 33. Bd4 Bf5 34. Rdd1
Bxc2 35. Bxe5 Bxd1 36. Rxd1 Ne3+ 37. Kg3 Nxd1 38. Bxf6 Nxc3 39. Bxc3 Nc5 40. Be5
h5 41. Nd6 Ra5 42. Ne8 Kf7 43. Nd6+ Kg6 44. Nc8 Ra3+ 45. Kf4 Nd3+ 46. Ke4 Nxe5
47. Kxe5 Ra4 48. Ne7+ Kh7 49. Nf5 Rg4 50. Kf6 Ra4 51. Kg5 Rg4+ 52. Kxh5 Rg1 53.
Nh6 Kg7 54. Ng4 Kf7 55. Kg5 Ke6 56. h5 Kf7 57. h6 Kg8 58. Kh5 Kf7 59. Ne5+ Kf6
60. Ng4+ Kf5 61. Ne3+ Kf4 62. Nd5+ Ke5 63. Ne3 Ke4 64. Ng4 Kf4 65. Nf2 Kf5 66.
h7 Rg2 67. Nh3 Rg3 68. Kh4 Rg4+ 69. Kh5 Rg3 70. Kh4 Rg4+ 1/2-1/2

[Event "AUTO-ADV-2976"]
[Site "http://www.queenalice.com/game.php?id=1283547"]
[Date "2014.5.23"]
[Round "2"]
[White "vitski"]
[Black "Netuno"]
[Result "1-0"]
[WhiteElo "2130"]
[BlackElo "1894"]

1. e4 e5 2. Nf3 Nc6 3. Bc4 Bc5 4. c3 Nf6 5. Qe2 h6 6. O-O d6 7. h3 O-O 8. Rd1 a6
9. d4 exd4 10. cxd4 Ba7 11. e5 Nh7 12. Bd3 Re8 13. a3 b5 14. Qe4 g6 15. Qxc6 Bd7
16. Qc2 h5 17. Nbd2 Bc8 18. Ne4 Bb7 19. Nfg5 Nxg5 20. Nxg5 f5 21. g4 hxg4 22.
hxg4 dxe5 23. gxf5 Qxd4 24. Be4 Qxf2+ 25. Qxf2 Bxf2+ 26. Kxf2 Bxe4 27. Nxe4 gxf5
28. Nf6+ Kf7 29. Nxe8 Kxe8 30. Rd5 Ke7 31. Rxe5+ 1-0

[Event "AUTO-ADV-2976"]
[Site "http://www.queenalice.com/game.php?id=1283548"]
[Date "2014.5.23"]
[Round "2"]
[White "Netuno"]
[Black "vitski"]
[Result "1-0"]
[WhiteElo "1876"]
[BlackElo "2135"]

1. e4 d6 2. d4 Nf6 3. Nc3 g6 4. f4 Bg7 5. Nf3 Bg4 6. h3 Bxf3 7. Qxf3 O-O 8. g4
Nc6 9. Be3 e6 10. a3 e5 11. dxe5 dxe5 12. f5 Nd4 13. Bxd4 exd4 14. Ne2 Re8 15.
Ng3 c5 16. O-O-O Qb6 17. g5 Nd7 18. fxg6 hxg6 19. Bc4 Ne5 20. Qb3 Nxc4 21. Qxc4
d3 22. c3 Rad8 23. Rxd3 Qc7 24. Rhd1 Qf4+ 25. Kc2 Rxd3 26. Rxd3 b6 27. Rd7 Rf8
28. Ne2 Qxg5 29. Rxa7 Bh6 30. Qd5 Qd8 31. Rxf7 Qxd5 32. Rxf8+ Kxf8 33. exd5 c4
34. b3 b5 35. Nd4 cxb3+ 36. Kxb3 Ke7 37. Nxb5 Kd7 38. c4 Bf8 39. Kc3 Bc5 40. Kd3
g5 41. Ke4 Bb6 42. a4 1-0